000 00416nam a2200169Ia 4500
003 GCL
008 140319s9999 xx 000 0 eng d
040 _aGCL /
_cGCL
082 0 4 _a843
_bB M
100 1 _aBOURGEADE PIERRE
245 1 0 _aL'EMPIRE DES LIVRES /
_cBOURGEADE PIERRE
260 _a[S.N] :
_bFOLIO ،
_c1991
300 _a250 P
650 0 4 _aLITERATURE
650 0 4 _aFRENCH LITERATURE
942 _2ddc
_cBK
999 _c22005
_d22005